Loading...
Current Events | 2 | 10.00 | 100% | 50% | 0% |
Fine Arts - Classical Music | 5 | 16.00 | 80% | 40% | 40% |
Fine Arts - Other Fine Arts | 3 | 13.33 | 100% | 33% | 0% |
Fine Arts - Painting & Sculpture | 9 | 12.22 | 89% | 22% | 11% |
Geography | 2 | 20.00 | 100% | 100% | 0% |
History - American History | 11 | 12.73 | 91% | 36% | 0% |
History - European History | 8 | 12.50 | 100% | 25% | 0% |
History - Other History | 6 | 6.67 | 67% | 0% | 0% |
History - World History | 5 | 6.00 | 60% | 0% | 0% |
Literature - American Literature | 7 | 11.43 | 100% | 14% | 0% |
Literature - British Literature | 4 | 12.50 | 100% | 25% | 0% |
Literature - European Literature | 6 | 11.67 | 100% | 33% | 17% |
Literature - World Literature | 3 | 10.00 | 100% | 0% | 0% |
Mythology | 4 | 15.00 | 75% | 50% | 25% |
Other Academic | 6 | 8.33 | 67% | 17% | 0% |
Philosophy | 8 | 11.25 | 75% | 38% | 0% |
Religion | 4 | 7.50 | 50% | 25% | 0% |
Science - Biology | 8 | 12.50 | 100% | 25% | 0% |
Science - Chemistry | 9 | 16.67 | 100% | 56% | 11% |
Science - Other Science | 6 | 15.00 | 100% | 33% | 17% |
Science - Physics | 7 | 17.14 | 100% | 57% | 14% |
Social Science | 8 | 16.25 | 100% | 38% | 25% |